00509nam a22001457a 4500003000200000005001700002008004100019050002200060100003200082245012500114260006500239300002100304500001500325501002300340020231107095305.0230929b xxu||||| |||| 00| 0 eng d aBF 698b.D43 2022 aDe Castro, Stephanie Mae A. aHappiness and life satisfaction of higher education institute students living independentlycDe Castro, Stephanie Mae A. aLas Pinas CitybSouthville International and CollegescC2022 aix,276pp.c28cm. aHappiness. aLife satisfaction.